| 000 | 00680nam a22001697a 4500 | ||
|---|---|---|---|
| 082 | _a621.3 | ||
| 100 | _aAmir, Muhammad Bisaam ; Ghani, Muhammad Hamadan ; Khan, Talha Irfan Hasan | ||
| 245 |
_aAutomated Identification of Abnormal EEGs / _cMuhammad Bisaam Amir ; Muhammad Hamadan Ghani ; Talha Irfan Hasan Khan |
||
| 260 |
_aIslamabad : _bSEECS - NUST, _c2019. |
||
| 300 |
_a43 p. ; _c30cm. |
||
| 563 | _aHB | ||
| 650 |
_aElectrical(Electronics) Engineering-Project Report _993268 |
||
| 700 |
_aDr. Awais Mehmood Kamboh _919312 |
||
| 856 | _uhttp://10.250.8.41:8080/xmlui/handle/123456789/29567 | ||
| 942 |
_2ddc _cTHE |
||
| 999 |
_c536266 _d536266 |
||